Pokémon Sun/Moon Pokédex - Statistics

General Stats
  • This quiz has been taken 60 times
  • The average score is 90 of 302
Answer Stats
Picture Answer % Correct
Rowlet
100%
Incineroar
82%
Litten
71%
Abra
65%
Butterfree
65%
Caterpie
65%
Diglett
65%
Gengar
65%
Meowth
65%
Pichu
65%
Pikachu
65%
Raichu
65%
Snorlax
65%
Alakazam
59%
Decidueye
59%
Dugtrio
59%
Eevee
59%
Haunter
59%
Jigglypuff
59%
Machamp
59%
Machop
59%
Magikarp
59%
Muk
59%
Popplio
59%
Rattata
59%
Slowpoke
59%
Chansey
53%
Dartrix
53%
Flareon
53%
Gastly
53%
Glaceon
53%
Growlithe
53%
Gyarados
53%
Jolteon
53%
Kadabra
53%
Leafeon
53%
Magnemite
53%
Mankey
53%
Metapod
53%
Persian
53%
Psyduck
53%
Slowbro
53%
Slowking
53%
Vaporeon
53%
Wigglytuff
53%
Wingull
53%
Brionne
47%
Cubone
47%
Igglybuff
47%
Machoke
47%
Munchlax
47%
Pelipper
47%
Primarina
47%
Raticate
47%
Rockruff
47%
Sudowoodo
47%
Sylveon
47%
Torracat
47%
Umbreon
47%
Zubat
47%
Arcanine
41%
Ditto
41%
Drifloon
41%
Drowzee
41%
Espeon
41%
Geodude
41%
Golduck
41%
Grimer
41%
Hariyama
41%
Hypno
41%
Lucario
41%
Lycanroc
41%
Oricorio
41%
Primeape
41%
Tapu Fini
41%
Tapu Koko
41%
Tapu Lele
41%
Blissey
35%
Braviary
35%
Crabrawler
35%
Crobat
35%
Cutiefly
35%
Dragonite
35%
Fearow
35%
Feebas
35%
Golbat
35%
Goldeen
35%
Grubbin
35%
Lunala
35%
Magneton
35%
Marowak
35%
Milotic
35%
Mimikyu
35%
Pikipek
35%
Poliwag
35%
Rufflet
35%
Sableye
35%
Solgaleo
35%
Spearow
35%
Tapu Bulu
35%
Tentacruel
35%
Trumbeak
35%
Bagon
29%
Bewear
29%
Bonsly
29%
Bounsweet
29%
Clefairy
29%
Cloyster
29%
Cosmog
29%
Crabominable
29%
Delibird
29%
Dratini
29%
Drifblim
29%
Fletchling
29%
Golem
29%
Gumshoos
29%
Happiny
29%
Kangaskhan
29%
Lapras
29%
Magmar
29%
Magnezone
29%
Mandibuzz
29%
Metagross
29%
Mudbray
29%
Ninetales
29%
Paras
29%
Parasect
29%
Pinsir
29%
Poliwrath
29%
Ribombee
29%
Salazzle
29%
Sandshrew
29%
Scyther
29%
Smeargle
29%
Spinarak
29%
Starmie
29%
Steenee
29%
Stoutland
29%
Tauros
29%
Tentacool
29%
Toucannon
29%
Vikavolt
29%
Vulpix
29%
Wishiwashi
29%
Yungoos
29%
Absol
24%
Ariados
24%
Carbink
24%
Castform
24%
Charjabug
24%
Clefable
24%
Cleffa
24%
Cosmoem
24%
Cottonee
24%
Dragonair
24%
Electabuzz
24%
Exeggutor
24%
Garchomp
24%
Goodra
24%
Goomy
24%
Graveler
24%
Ledian
24%
Ledyba
24%
Lilligant
24%
Magby
24%
Magmortar
24%
Makuhita
24%
Miltank
24%
Misdreavus
24%
Mismagius
24%
Necrozma
24%
Oranguru
24%
Palossand
24%
Pancham
24%
Porygon
24%
Porygon-Z
24%
Pyukumuku
24%
Roggenrola
24%
Salamence
24%
Salandit
24%
Sandslash
24%
Seaking
24%
Sharpedo
24%
Shelgon
24%
Silvally
24%
Spinda
24%
Staryu
24%
Talonflame
24%
Toxapex
24%
Tsareena
24%
Type: Null
24%
Vullaby
24%
Whimsicott
24%
Whiscash
24%
Zygarde
24%
Aerodactyl
18%
Alomomola
18%
Araquanid
18%
Barboach
18%
Beldum
18%
Boldore
18%
Comfey
18%
Corsola
18%
Dewpider
18%
Dhelmise
18%
Drampa
18%
Elekid
18%
Exeggcute
18%
Finneon
18%
Fletchinder
18%
Fomantis
18%
Gible
18%
Gigalith
18%
Golisopod
18%
Guzzlord
18%
Herdier
18%
Kommo-o
18%
Krookodile
18%
Lanturn
18%
Lillipup
18%
Lumineon
18%
Lurantis
18%
Luvdisc
18%
Magearna
18%
Mareanie
18%
Marshadow
18%
Masquerain
18%
Metang
18%
Minior
18%
Morelull
18%
Mudsdale
18%
Murkrow
18%
Nosepass
18%
Pangoro
18%
Passimian
18%
Petilil
18%
Phantump
18%
Politoed
18%
Poliwhirl
18%
Porygon2
18%
Probopass
18%
Riolu
18%
Sandile
18%
Sandygast
18%
Shellder
18%
Shiinotic
18%
Skarmory
18%
Sliggoo
18%
Stufful
18%
Surskit
18%
Trubbish
18%
Wailmer
18%
Wailord
18%
Archen
12%
Archeops
12%
Bastiodon
12%
Bruxish
12%
Buzzwole
12%
Carracosta
12%
Carvanha
12%
Celesteela
12%
Chinchou
12%
Cranidos
12%
Electivire
12%
Emolga
12%
Flygon
12%
Froslass
12%
Gabite
12%
Garbodor
12%
Gastrodon
12%
Glalie
12%
Granbull
12%
Hakamo-o
12%
Honchkrow
12%
Jangmo-o
12%
Kartana
12%
Klefki
12%
Komala
12%
Krokorok
12%
Nihilego
12%
Pheromosa
12%
Rampardos
12%
Relicanth
12%
Scizor
12%
Shellos
12%
Shieldon
12%
Sneasel
12%
Snorunt
12%
Snubbull
12%
Tirtouga
12%
Togedemaru
12%
Torkoal
12%
Trapinch
12%
Trevenant
12%
Turtonator
12%
Vanillish
12%
Vanillite
12%
Vanilluxe
12%
Vibrava
12%
Weavile
12%
Wimpod
12%
Xurkitree
12%
No matching quizzes found
Score Distribution
Percent of People with Each Score
Percentile by Number Answered
Your Score History
You have not taken this quiz